Oregano : (Registro nro. 14037)

Detalles MARC
000 -LIDER
fixed length control field 00938nam a2200289 a 4500
001 - NÚMERO DE CONTROL
Identificador de número de control 000012172
003 - IDENTIFICACDOR DE NÚMERO DE CONTROL
control field DO-SdBPM
005 - DATE AND TIME OF LATEST TRANSACTION
control field 20250204063003.0
008 - ELEMENTOS DE LONGITUD FIJA
fixed length control field 091106s1994 dr 000 j spa d
040 ## - FUENTE DE CATALOGACIÓN
Agencia que crea de manera original el registro DO-SdBPM
Idioma de catalogación spa
Agencia que realiza la transcripción BPMSU
082 #4 - NÚMERO DE CLASIFICACIÓN DECIMAL DE DEWEY
Classification number RD863.4
Item number D542o 1994
Edition number 22
100 1# - ASIENTO PRINCIPAL -- NOMBRE PERSONAL
Nombre personal Díaz, Vigil,
Fechas asociadas con el nombre 1880-1961
100 z# - ASIENTO PRINCIPAL -- NOMBRE PERSONAL
Nombre personal Vigil Díaz, Otilio Andrés Marcelino Celestino,
Fechas asociadas con el nombre 1880-1961
245 10 - MENCIÓN DE TITULO
Título Oregano :
Subtítulo cuentos criollos /
Mención de responsabilidad Vigil Díaz ; prólogo Rafael Américo Henríquez.
250 ## - MENCIÓN DE EDICION
Mención de edición 2a. ed.
260 ## - PUBLICACIÓN, DISTRIBUCIÓN, ETC. (PIE DE IMPRENTA)
Lugar de publicación, distribución, etc Santo Domingo :
Nombre del editor, distribuidor, etc. Editora Taller,
Fecha de publicación, distribución, etc 1994.
300 ## - DESCRIPCIÓN FÍSICA
Extensión 151 p. ;
Dimensiones 19 cm.
490 0# - MENCIÓN DE SERIES
Mención de serie Biblioteca Taller,
Volume/sequential designation 298
590 ## - NOTA LOCAL
Texto de la nota local Inventariado, 2025/VM
650 #4 - ENCABEZAMIENTO DE MATERIA--TEMÁTICO
Término temático o nombre geográfico como elemento de entrada Cuentos dominicanos
650 #4 - ENCABEZAMIENTO DE MATERIA--TEMÁTICO
Término temático o nombre geográfico como elemento de entrada Literatura dominicana.
650 z# - ENCABEZAMIENTO DE MATERIA--TEMÁTICO
Término temático o nombre geográfico como elemento de entrada Short stories, Dominican
650 z# - ENCABEZAMIENTO DE MATERIA--TEMÁTICO
Término temático o nombre geográfico como elemento de entrada Dominican literature
700 1# - ASIENTO SECUNDARIO -- NOMBRE PERSONAL
Nombre personal Henríquez, Rafael Américo
Mención de responsabilidad prólogo
910 ## - VALIDACIÓN
Validación Validado. Control de calidad BPMSU
942 ## - ADDED ENTRY ELEMENTS (KOHA)
Source of classification or shelving scheme Dewey Decimal Classification
Koha item type Libros
Existencias
Withdrawn status Lost status Source of classification or shelving scheme Damaged status Not for loan Collection code Home library Current library Date acquired Total Checkouts Full call number Barcode Date last seen Price effective from Koha item type
    Dewey Decimal Classification     Colección Dominicana Biblioteca Pública Metropolitana Salomé Ureña Biblioteca Pública Metropolitana Salomé Ureña 02/04/2025   BPMSU CD RD863.4 D542o 1994 BPMSU25020006 02/04/2025 02/04/2025 Libros